|
|
|
|
| LEADER |
00000nam0a2200000 4500 |
| 001 |
60566 |
| 005 |
20231031061613.0 |
| 035 |
|
|
|a (RuTPU)RU\TPU\book\64051
|
| 090 |
|
|
|a 60566
|
| 100 |
|
|
|a 20040211d1984 k y0rusy50 ca
|
| 101 |
0 |
|
|a rus
|
| 102 |
|
|
|a RU
|
| 105 |
|
|
|a a z 001zy
|
| 200 |
1 |
|
|a Электрохимия углеродных материалов
|f М. Р. Тарасевич
|g Академия Наук СССР; Институт электрохимии; Под ред. В. Е. Казаринова
|
| 210 |
|
|
|a Москва
|c Наука
|d 1984
|
| 215 |
|
|
|a 253 с.
|c ил.
|
| 225 |
1 |
|
|a Электрохимия
|
| 320 |
|
|
|a Библиогр.: с. 238-248.
|
| 610 |
1 |
|
|a углеродные материалы
|
| 610 |
1 |
|
|a электрохимия
|
| 610 |
1 |
|
|a свойства
|
| 610 |
1 |
|
|a процессы
|
| 610 |
1 |
|
|a электрокатализ
|
| 610 |
1 |
|
|a применение
|
| 675 |
|
|
|a 661.666
|v 3
|
| 700 |
|
1 |
|a Тарасевич
|b М. Р.
|g Михаил Романович
|
| 702 |
|
1 |
|a Казаринов
|b В. Е.
|4 340
|
| 712 |
0 |
2 |
|a Академия наук СССР (АН СССР)
|b Институт электрохимии им. А. Н. Фрумкина (ИЭЛ)
|c (Москва)
|2 stltpush
|3 (RuTPU)RU\TPU\col\327
|
| 801 |
|
1 |
|a RU
|b 63413507
|c 20040211
|g PSBO
|
| 801 |
|
2 |
|a RU
|b 63413507
|c 20121128
|g PSBO
|
| 942 |
|
|
|c BK
|